[Event "Wch Blitz"]
[Site "Samarkand"]
[Date "2023.12.29"]
[Round "6"]
[White "Makarian, Rudik"]
[Black "Esipenko, Andrey"]
[Result "0-1"]
[WhiteElo "2530"]
[BlackElo "2702"]
[PlyCount "110"]
[EventDate "2023.12.29"]
[EventType "swiss (blitz)"]
[EventRounds "21"]
[EventCountry "UZB"]
[SourceTitle "CB01_2024"]
[SourceDate "2024.01.03"]
[SourceVersion "1"]
[SourceVersionDate "2024.01.03"]
[SourceQuality "1"]

1. d4 d5 2. c4 e6 3. Nf3 Nf6 4. g3 Be7 5. Bg2 0-0 6. 0-0 dxc4 7. Qc2 c6 8. Qxc4 b5 9. Qd3 Nbd7 10. Be3 h6 11. Rc1 Nd5 12. Nbd2 Qc7 13. a3 a5 14. Ne4 b4 15. axb4 Ba6 16. b5 Bxb5 17. Qd2 Bb4 18. Nc3 Qd8 19. Ne1 Bxc3 20. bxc3 N7b6 21. Bf4 g5 22. Be5 f6 23. c4 Bxc4 24. Rxc4 Nxc4 25. Qc2 Nxe5 26. dxe5 f5 27. Qxc6 Re8 28. Nd3 Rc8 29. Qa6 Nb4 30. Nxb4 axb4 31. Rb1 Rb8 32. g4 fxg4 33. Qc4 Qd2 34. Qxg4 Qf4 35. Qh3 Kg7 36. Qd3 Qxe5 37. Qd7+ Kf8 38. Bf3 Re7 39. Qd3 Kg7 40. h3 Rf7 41. Bh5 Rf6 42. Qd7+ Kg8 43. Rc1 Qf4 44. Rc8+ Rxc8 45. Qxc8+ Kg7 46. Qd7+ Kh8 47. Bf3 b3 48. Qd8+ Rf8 49. Qb6 Qc1+ 50. Kg2 Qc3 51. Qxe6 Kg7 52. Be4 Qf6 53. Qxb3 Qxf2+ 54. Kh1 Qf1+ 55. Kh2 Rf2+ 0-1

[Event "Wch Rapid"]
[Site "Samarkand"]
[Date "2023.12.28"]
[Round "11"]
[White "Esipenko, Andrey"]
[Black "Narayanan, Sunilduth Lyna"]
[Result "1/2-1/2"]
[WhiteElo "2702"]
[BlackElo "2677"]
[PlyCount "120"]
[EventDate "2023.12.26"]
[EventType "swiss (rapid)"]
[EventRounds "13"]
[EventCountry "UZB"]
[SourceTitle "CB01_2024"]
[SourceDate "2024.01.03"]
[SourceVersion "1"]
[SourceVersionDate "2024.01.03"]
[SourceQuality "1"]

1. e4 c5 2. Nf3 e6 3. d4 cxd4 4. Nxd4 a6 5. a3 b6 6. c4 Bb7 7. Nc3 d6 8. Be3 Nf6 9. f3 Nbd7 10. Be2 Be7 11. Qd2 0-0 12. 0-0 Rc8 13. Rac1 Re8 14. Rfd1 Qc7 15. b4 Qb8 16. Bf1 Bd8 17. Nb3 Ne5 18. Na4 Nxc4 19. Bxc4 b5 20. Bxe6 Rxc1 21. Nxc1 fxe6 22. Nc3 Bc7 23. Bf4 Rd8 24. N1e2 Rd7 25. Kh1 h6 26. h3 e5 27. Be3 Qd8 28. Ng3 d5 29. exd5 Bxd5 30. Nxd5 Rxd5 31. Qa2 Kh8 32. Rxd5 Nxd5 33. Bc5 Nf4 34. Ne4 Qd7 35. Kh2 Ne6 36. Bd6 Ng5 37. Bxc7 Qxc7 38. Qd5 Nxe4 39. fxe4 Kh7 40. Qe6 Qc3 41. Qxa6 Qe3 42. Qxb5 Qf4+ 43. Kh1 Qc1+ 44. Kh2 Qf4+ 45. Kg1 Qe3+ 46. Kf1 Qf4+ 47. Ke1 Qc1+ 48. Ke2 Qc2+ 49. Kf3 Qc3+ 50. Kf2 Qd4+ 51. Kf3 Qc3+ 52. Kg4 Qd2 53. g3 Qd1+ 54. Kf5 Qd6 55. Kg4 Qd1+ 56. Kf5 Qd6 57. Qxe5 g6+ 58. Kf4 Qd2+ 59. Kf3 Qd3+ 60. Kf2 Qd2+ 1/2-1/2

[Event "AUT-chT 2324"]
[Site "Austria"]
[Date "2023.11.26"]
[Round "6.5"]
[White "Esipenko, Andrey"]
[Black "Bures, Jaroslav"]
[Result "1-0"]
[WhiteElo "2677"]
[BlackElo "2421"]
[PlyCount "69"]
[EventDate "2023.11.22"]
[EventType "team-tourn"]
[EventRounds "11"]
[EventCountry "AUT"]
[SourceTitle "CB48_2023"]
[SourceDate "2023.11.29"]
[SourceVersion "1"]
[SourceVersionDate "2023.11.29"]
[SourceQuality "1"]
[WhiteTeam "Linz"]
[BlackTeam "Mistelbach"]
[WhiteTeamCountry "AUT"]
[BlackTeamCountry "AUT"]

1. e4 c6 2. d4 d5 3. e5 Bf5 4. h4 Qc7 5. c4 e6 6. Nc3 h6 7. Be3 Ne7 8. Rc1 Qa5 9. a3 Nd7 10. Nf3 dxc4 11. Bxc4 Nb6 12. Bd3 Bxd3 13. Qxd3 Nf5 14. h5 Nxe3 15. fxe3 Na4 16. Nd2 Nxc3 17. Rxc3 Rd8 18. 0-0 Qd5 19. Qe2 Be7 20. Qg4 0-0 21. Ne4 Kh8 22. Rf3 b6 23. b4 a5 24. bxa5 c5 25. Rg3 Rg8 26. axb6 cxd4 27. Rc7 dxe3 28. Rxe7 Qd1+ 29. Qxd1 Rxd1+ 30. Kh2 e2 31. Re3 e1Q 32. Rxe1 Rxe1 33. Nd6 Ra1 34. Ra7 Rb8 35. b7 1-0

[Event "FIDE Grand Swiss"]
[Site "Douglas"]
[Date "2023.11.01"]
[Round "7"]
[White "Erigaisi, Arjun Kumar"]
[Black "Esipenko, Andrey"]
[Result "1/2-1/2"]
[WhiteElo "2712"]
[BlackElo "2683"]
[PlyCount "180"]
[EventDate "2023.10.25"]
[EventType "swiss"]
[EventRounds "11"]
[EventCountry "IOM"]
[SourceTitle "Mega2024 Update 01"]
[Source "Chessbase"]
[SourceDate "2023.11.12"]
[SourceVersion "1"]
[SourceVersionDate "2023.11.12"]
[SourceQuality "1"]

1. e4 e5 2. Nf3 Nc6 3. Bb5 a6 4. Ba4 Nf6 5. 0-0 Be7 6. Re1 b5 7. Bb3 0-0 8. h3 Bb7 9. d3 d5 10. exd5 Nxd5 11. Nbd2 Qd7 12. a4 Rae8 13. axb5 axb5 14. Ne4 Kh8 15. Bd2 f6 16. c3 f5 17. Neg5 Bf6 18. c4 bxc4 19. dxc4 Nde7 20. c5 e4 21. Be6 Qd8 22. Nf7+ Rxf7 23. Bxf7 Rf8 24. Ng5 e3 25. Bxe3 Qxd1 26. Raxd1 h6 27. Rd7 hxg5 28. Rxc7 Ba8 29. Bc4 Rd8 30. Be6 Kh7 31. Rd7 Rb8 32. b3 Bb7 33. Rd6 f4 34. Bd2 Be5 35. Rd7 Bf6 36. b4 Ba6 37. Rd6 Bb5 38. Bd7 Ra8 39. h4 gxh4 40. Bxf4 Ra2 41. g4 hxg3 42. Bxg3 Rb2 43. Kg2 Bc4 44. Kh2 Bb5 45. Re4 Ba4 46. Kg2 Kg8 47. Bh4 Bc2 48. Rg4 Bxh4 49. Rxh4 g5 50. Rg4 Rxb4 51. Rxg5+ Kf7 52. f3 Na5 53. c6 Nc4 54. Rh6 Bg6 55. Rh8 Rb2+ 56. Kg3 Nd6 57. Rc5 Be4 58. Rc3 Bf5 59. Rd8 Bxd7 60. Rxd7 Ndc8 61. c7 Ke6 62. Rd8 Rb4 63. f4 Rb1 64. Rc5 Rg1+ 65. Kf2 Ra1 66. Ke3 Ra3+ 67. Ke2 Kf7 68. Kd2 Ra4 69. Ke3 Rb4 70. Kf3 Rb1 71. Rd4 Kf6 72. Rd8 Kf7 73. Ke4 Kf6 74. Rh8 Rb4+ 75. Ke3 Kg7 76. Rh1 Kf7 77. Kf3 Rb7 78. Kg4 Kg7 79. Rd1 Kf7 80. Rc2 Ra7 81. Rd7 Ra1 82. Rd8 Kg7 83. Rcd2 Rg1+ 84. Kf3 Rc1 85. R8d7 Kf6 86. Re2 Kf7 87. f5 Kf6 88. Re6+ Kxf5 89. Rexe7 Nxe7 90. Rxe7 Kf6 1/2-1/2

[Event "FIDE Grand Swiss"]
[Site "Douglas"]
[Date "2023.10.26"]
[Round "2"]
[White "Jumabayev, Rinat"]
[Black "Esipenko, Andrey"]
[Result "0-1"]
[WhiteElo "2585"]
[BlackElo "2683"]
[PlyCount "140"]
[EventDate "2023.10.25"]
[EventType "swiss"]
[EventRounds "11"]
[EventCountry "IOM"]
[SourceTitle "Mega2024 Update 01"]
[Source "Chessbase"]
[SourceDate "2023.11.12"]
[SourceVersion "1"]
[SourceVersionDate "2023.11.12"]
[SourceQuality "1"]

1. d4 d5 2. c4 c6 3. e3 Nf6 4. Qc2 g6 5. Nf3 Bg7 6. Be2 c5 7. cxd5 cxd4 8. Nxd4 0-0 9. 0-0 Nxd5 10. Rd1 Nd7 11. e4 Nb4 12. Qb3 Qa5 13. a3 Nc6 14. Nxc6 bxc6 15. Qc2 Qc5 16. Nc3 Bd4 17. Bf1 Nf6 18. h3 Be6 19. Bf4 Rfd8 20. Rac1 a5 21. Qe2 Qa7 22. e5 Nh5 23. Bh2 Bb3 24. Re1 Ng7 25. Qf3 Qb6 26. Bg3 Nf5 27. Bf4 Rac8 28. g4 Ng7 29. Bg3 Ne6 30. h4 Bxc3 31. bxc3 Qc5 32. Qe3 a4 33. h5 Qxa3 34. hxg6 fxg6 35. f4 Qc5 36. f5 Qxe3+ 37. Rxe3 Ng5 38. Bf4 h6 39. e6 Rf8 40. Bd3 Rcd8 41. Ra1 Rd5 42. Kg2 gxf5 43. gxf5 Rdxf5 44. Bxf5 Rxf5 45. Bd6 Bd5+ 46. Kh2 exd6 47. e7 Bf7 48. e8Q+ Bxe8 49. Rxe8+ Kf7 50. Rc8 Rc5 51. Rxa4 Rxc3 52. Kg2 c5 53. Rh4 Kg7 54. Rc7+ Kg6 55. Rc8 Kf5 56. Rf8+ Ke5 57. Re8+ Kd5 58. Rxh6 Ne4 59. Rh4 Re3 60. Rc8 c4 61. Rf4 c3 62. Rf5+ Kd4 63. Ra5 Nc5 64. Ra2 Kd3 65. Ra3 Kd2 66. Rd8 Rd3 67. Rf8 Ne4 68. Ra4 d5 69. Rf1 c2 70. Raa1 d4 0-1

[Event "FIDE Grand Swiss"]
[Site "Douglas"]
[Date "2023.10.25"]
[Round "1"]
[White "Esipenko, Andrey"]
[Black "Sanal, Vahap"]
[Result "1-0"]
[WhiteElo "2683"]
[BlackElo "2603"]
[PlyCount "95"]
[EventDate "2023.10.25"]
[EventType "swiss"]
[EventRounds "11"]
[EventCountry "IOM"]
[SourceTitle "Mega2024 Update 01"]
[Source "Chessbase"]
[SourceDate "2023.11.12"]
[SourceVersion "1"]
[SourceVersionDate "2023.11.12"]
[SourceQuality "1"]

1. e4 e5 2. Nf3 Nc6 3. Bc4 Bc5 4. c3 Nf6 5. d3 a6 6. 0-0 d6 7. Re1 Ba7 8. Nbd2 0-0 9. Nf1 h6 10. Ng3 Na5 11. Bb3 Nxb3 12. axb3 Re8 13. h3 Bd7 14. Bd2 Nh7 15. d4 Nf8 16. Be3 Ng6 17. Qd2 Nh4 18. Nxh4 Qxh4 19. Kh2 Rad8 20. f4 exd4 21. cxd4 d5 22. e5 f6 23. b4 Rf8 24. e6 Bxe6 25. f5 Bf7 26. Rf1 h5 27. Rf4 Qg5 28. Rf3 Qh4 29. b5 Rfe8 30. Bf4 Bb8 31. bxa6 bxa6 32. Rxa6 c6 33. Rxc6 Bxf4 34. Rxf4 Qg5 35. h4 Qh6 36. Rb6 Ra8 37. Rf2 Qxd2 38. Rxd2 Re7 39. b4 Re3 40. b5 Raa3 41. Rb8+ Kh7 42. Ne2 Rab3 43. Nf4 Re4 44. g3 Be8 45. Ne6 Bxb5 46. Nc5 Rb1 47. Nxe4 dxe4 48. d5 1-0